Tintin - Personnages du Secret de la Licorne - Mort Subite - Statistiques

Statistiques générales
  • Ce quiz a été pris 452 fois
  • Le résultat moyen est 3 sur 6
Answers on the Grid
Answers color-coded by a green-red scale on the quiz's grid according to % correct below.
Le capitaine Archibald Haddock
Le professeur Tryphon Tournesol
Dupond et Dupont
Bianca Castafiore
Roberto Rastapopoulos
Le général Alcazar
Nestor
Séraphin Lampion
Igor Wagner
Le chevalier François de Hadoque
Abdallah
Maxime Loiseau
Le docteur J. W. Muller
Aristide Filoselle
Oliveira da Figueira
Alan Thompson
 
Statistiques - réponses
Réponse % Correct
Le capitaine Archibald Haddock
90%
Dupond et Dupont
58%
Nestor
46%
Le chevalier François de Hadoque
44%
Maxime Loiseau
40%
Aristide Filoselle
31%
Aucun quiz correspondant
Distribution des résultats
% des personnes avec chaque résultat
Percentile par nombre de réponses
Votre historique - résultats
Vous n’avez pas pris ce quiz